000 01024nam a2200253 a 4500
001 000022479
005 20260527074041.0
008 100811s2006 dr ac 000 0dspa d
020 _z9789945854961
040 _aDO-SdBNP
_bspa
_cBNPHU
082 _a324.72
_bT962u
100 1 _aTurull Dubrel, Gustavo Enrique,
_d1939-
_946320
245 1 0 _aUn ensayo, una experiencia un futuro, una posición /
_cGustavo Turull.
260 _aSanto Domingo :
_bCuesta-Veliz,
_c2006.
300 _a131 p. :
_bil., retrs. ;
_c23 cm.
500 _aIncluye datos biográficos del autor en la contracubierta.
590 _aInventariado, 2019/MFF
610 2 4 _aPARTIDO REVOLUCIONARIO SOCIAL DEMÓCRATA (REPÚBLICA DOMINICANA)
_xHISTORIA
_946321
650 4 _aCampañas políticas
_zRepública Dominicana
_946237
650 0 _aPartidos políticos
_zRepública Dominicana
_9285
650 4 _aCandidatos políticos
_zRepública Dominicana
_946322
650 4 _aElecciones
_xRepública dominicana
_946238
910 _aValidado. Control de calidad EMS
999 _c21977
_d21977